000 00608nam a2200205Ia 4500
005 20250923145310.0
008 008 250917s9999 xx 000 0 eng d
037 _aTextual
040 _aDSWL
_beng
_cDSWL
041 _aeng
_2eng
084 _aY:414.231'N71t4, N74
_qDSWL
245 0 _aDrugs on the college campus
_c Ed.by S.Citnis
260 _aBombay
_bTata Institute of Social Science
_c1974
300 _axiii,68 p.
365 _aINR
_b7 . 50
700 _a N. Fazalbhoy
_9833830
925 _g7 . 50
942 _cTEXL
_hY:414.231'N71t4, N74
999 _c1449661
_d1449661